000 00629nam a2200169Ia 4500
008 090201s9999 xx 000 0 und d
010 _aKPL-18524
040 _bमराठी
041 _aमराठी
082 _a4384
_b18524
100 _aराम कोलारकर
245 _aकमळाबाई टिळक यांच्या निवडक कथा
_cराम कोलारकर
260 _c2004
_bसौ. छाया कोलारकर
300 _a104
_bमोठा
600 _aकमळाबाई टिळक यांच्या निवडक कथा
942 _cBOOK
999 _c205421
_d205421